Dios y las cosas: la economía global desde una perspectiva de civilización
Guardat en:
| Autors principals: | , |
|---|---|
| Format: | Llibre |
| Idioma: | espanyol |
| Publicat: |
Santander
Sal Terrae
1999
|
| Col·lecció: | Colección Presencia Social, 26
|
| Matèries: | |
| Etiquetes: |
Afegir etiqueta
Sense etiquetes, Sigues el primer a etiquetar aquest registre!
|
MARC
| LEADER | 00000nam a2200000 a 4500 | ||
|---|---|---|---|
| 001 | UCK4401 | ||
| 003 | CL-VaPUC | ||
| 008 | 050603e19990000SP |||||||||||||||||spa|d | ||
| 020 | |a 8429313230 | ||
| 082 | 0 | 4 | |a 261.85 |b FOR |2 21 |
| 100 | 0 | |a Fortman, Bas de Gay |e author |9 492924 | |
| 700 | 0 | |a Goldewijk, Berma Klein |e author |9 492925 | |
| 245 | 1 | 0 | |a Dios y las cosas: la economía global desde una perspectiva de civilización |
| 300 | |a 142 p | ||
| 942 | |c BK | ||
| 945 | |d 20050603 00:00:00 |a jcarroza | ||
| 260 | |a Santander |b Sal Terrae |c 1999 | ||
| 650 | 0 | |a Cristianismo |9 257361 | |
| 650 | 0 | |a Economía |9 255568 | |
| 650 | 0 | |a Globalización |9 361930 | |
| 650 | 7 | |a IGLESIA Y PROBLEMAS MUNDIALES |2 CL-VaPUC |9 313855 | |
| 583 | |a last modification |c 20050603 00:00:00 |k Rodrigo Vera | ||
| 490 | 0 | |a Colección Presencia Social, 26 | |
| 999 | |c 313279 |d 313277 | ||
| 952 | |0 0 |1 0 |4 0 |6 261_850000000000000_FOR_1999 |7 0 |8 A |9 384529 |a BIBTEO |b BIBTEO |d 2019-11-22 |i 4116984 |o 261.85 FOR 1999 |p 4116984 |r 2025-01-17 |w 2019-11-22 |y BK |k ICR | ||